000 00254nam a22001217a 4500
008 170816b xxu||||| |||| 00| 0 eng d
041 _aeng
080 _a51
100 _a36
101 _aMAT
245 _aADVANCED CALCULUS
_cBUCK,R.C
942 _2udc
_cBK
999 _c23738
_d23738